000 00399 a2200145 4500
005 20250603161713.0
020 _a81-259-1004-2
082 _aTEA LECT 330.024 DWI
100 _aDWIVEDI, D. N.
245 _aManagerial Economics
250 _a6th Ed.
260 _aNew Delhi,
_bVikas Publishing House PVT LTD,
_c2004.
300 _axxiv, 650p.: ill.; figure, table.
_bIndex.
_c24cm.
942 _2ddc
_cBKS
999 _c3118
_d3118